[Event "Abe Yanofsky mem."]
[Site "Winnipeg CAN"]
[Date "2005.09.05"]
[Round "5"]
[White "Booth, Kevin"]
[Black "Magyar, Peter"]
[Result "1/2-1/2"]
[WhiteElo "1336"]
[BlackElo "1685"]
[PlyCount "49"]
[GameId "2160767910900429"]
[EventDate "2005.09.03"]
[EventType "swiss"]
[EventRounds "6"]
[EventCountry "CAN"]
[SourceTitle "CBM 108 Extra"]
[Source "ChessBase"]
[SourceDate "2005.11.04"]
[SourceVersion "1"]
[SourceVersionDate "2005.11.04"]
[SourceQuality "1"]

1. d4 e6 2. c4 Nf6 3. g3 c5 4. d5 Be7 5. Bg2 d6 6. Nf3 O-O 7. O-O e5 8. Nc3 Bf5 9. Nh4 Bg4 10. h3 Bd7 11. Qc2 Na6 12. a3 Nc7 13. Nf5 Re8 14. Nxe7+ Rxe7 15. Ne4 Nxe4 16. Bxe4 f5 17. Bxf5 Bxf5 18. Qxf5 Rf7 19. Qe4 Qd7 20. Kg2 Raf8 21. f3 b6 22. b4 Ne8 23. bxc5 bxc5 24. Qg4 Qxg4 25. hxg4 1/2-1/2

[Event "Abe Yanofsky mem."]
[Site "Winnipeg CAN"]
[Date "2005.09.05"]
[Round "5"]
[White "Boron, Anthony"]
[Black "Klokow, John"]
[Result "1-0"]
[WhiteElo "1964"]
[BlackElo "1742"]
[PlyCount "23"]
[GameId "2160767910900430"]
[EventDate "2005.09.03"]
[EventType "swiss"]
[EventRounds "6"]
[EventCountry "CAN"]
[SourceTitle "CBM 108 Extra"]
[Source "ChessBase"]
[SourceDate "2005.11.04"]
[SourceVersion "1"]
[SourceVersionDate "2005.11.04"]
[SourceQuality "1"]

1. d4 d6 2. e4 Nf6 3. Nc3 Bg4 4. Be2 Qd7 5. Nf3 e6 6. O-O Nc6 7. Bg5 h6 8. Bh4 Be7 9. Bg3 Nh5 10. d5 Nxg3 11. hxg3 Bxf3 12. dxc6 1-0

[Event "Abe Yanofsky mem."]
[Site "Winnipeg CAN"]
[Date "2005.09.05"]
[Round "5"]
[White "Cheyne, Andrew"]
[Black "Gustafson, Dale"]
[Result "1/2-1/2"]
[WhiteElo "1436"]
[BlackElo "1822"]
[PlyCount "61"]
[GameId "2160767910900431"]
[EventDate "2005.09.03"]
[EventType "swiss"]
[EventRounds "6"]
[EventCountry "CAN"]
[SourceTitle "CBM 108 Extra"]
[Source "ChessBase"]
[SourceDate "2005.11.04"]
[SourceVersion "1"]
[SourceVersionDate "2005.11.04"]
[SourceQuality "1"]

1. e4 d5 2. exd5 Qxd5 3. Nc3 Qa5 4. d4 c6 5. Nf3 Bg4 6. Be2 e6 7. a3 Nf6 8. h3 Bh5 9. O-O Nbd7 10. Bf4 h6 11. b4 Qd8 12. Ne5 Bxe2 13. Qxe2 Be7 14. Ng4 Nxg4 15. Qxg4 g5 16. Bg3 Nf6 17. Qf3 Qxd4 18. Rad1 g4 19. Qxc6+ bxc6 20. Rxd4 gxh3 21. gxh3 Rg8 22. Rfd1 Rd8 23. Ne2 h5 24. Kh2 Ne4 25. c4 h4 26. Bc7 Rxd4 27. Rxd4 f5 28. f4 Bf6 29. Rd1 Rg7 30. Bd6 Nc3 31. Nxc3 1/2-1/2

[Event "Abe Yanofsky mem."]
[Site "Winnipeg CAN"]
[Date "2005.09.05"]
[Round "5"]
[White "Curtis, Rory"]
[Black "Currie, James"]
[Result "0-1"]
[WhiteElo "1702"]
[BlackElo "1975"]
[PlyCount "64"]
[GameId "2160767910900432"]
[EventDate "2005.09.03"]
[EventType "swiss"]
[EventRounds "6"]
[EventCountry "CAN"]
[SourceTitle "CBM 108 Extra"]
[Source "ChessBase"]
[SourceDate "2005.11.04"]
[SourceVersion "1"]
[SourceVersionDate "2005.11.04"]
[SourceQuality "1"]

1. d4 Nf6 2. c4 c5 3. d5 e6 4. Nc3 exd5 5. cxd5 d6 6. e4 g6 7. Nf3 Bg7 8. h3 O-O 9. Bd3 Re8 10. O-O c4 11. Bc2 b5 12. Re1 b4 13. Nb5 Qb6 14. Nbd4 a5 15. Bf4 Bb7 16. Rc1 Nbd7 17. Ba4 Rxe4 18. Rxe4 Nxe4 19. Bxd7 c3 20. bxc3 Nxc3 21. Rxc3 bxc3 22. Bc6 Bxc6 23. Nxc6 Qc5 24. Be3 Qa3 25. Qc2 Qb2 26. Qxb2 cxb2 27. Nd2 Re8 28. Nxa5 Ra8 29. Bb6 Bc3 30. Nac4 Rxa2 31. Nxb2 Rxb2 32. Nc4 Rb4 0-1

[Event "Abe Yanofsky mem."]
[Site "Winnipeg CAN"]
[Date "2005.09.05"]
[Round "5"]
[White "Gentes, Kevin"]
[Black "Bince, Rolando"]
[Result "1-0"]
[WhiteElo "2342"]
[BlackElo "1860"]
[PlyCount "79"]
[GameId "2160767910900433"]
[EventDate "2005.09.03"]
[EventType "swiss"]
[EventRounds "6"]
[EventCountry "CAN"]
[SourceTitle "CBM 108 Extra"]
[Source "ChessBase"]
[SourceDate "2005.11.04"]
[SourceVersion "1"]
[SourceVersionDate "2005.11.04"]
[SourceQuality "1"]

1. e4 d5 2. d3 dxe4 3. dxe4 Qxd1+ 4. Kxd1 Nc6 5. Be3 Nf6 6. f3 e5 7. Nd2 Be6 8. c3 O-O-O 9. Kc2 Nd7 10. b4 Kb8 11. a3 f5 12. Ne2 Nf6 13. h3 fxe4 14. fxe4 g6 15. g4 Bg7 16. Ng3 Ne8 17. Be2 Nd6 18. a4 a5 19. b5 Ne7 20. c4 b6 21. c5 Ndc8 22. Nc4 Kb7 23. Rad1 h6 24. h4 Rhf8 25. Rxd8 Rxd8 26. Rd1 Rxd1 27. Kxd1 Ng8 28. g5 h5 29. Bd2 Nge7 30. Kc2 Bf7 31. Bc3 Bxc4 32. c6+ Kb8 33. Bxc4 Nd6 34. Be6 Nec8 35. Kd3 Na7 36. Ne2 Nac8 37. Ng1 Nf5 38. exf5 e4+ 39. Kc2 Bxc3 40. Kxc3 1-0

[Event "Abe Yanofsky mem."]
[Site "Winnipeg CAN"]
[Date "2005.09.05"]
[Round "5"]
[White "Haynes, Nicolas"]
[Black "Lafreniere, Adrian"]
[Result "1-0"]
[WhiteElo "2042"]
[BlackElo "1763"]
[PlyCount "102"]
[GameId "2160767910900435"]
[EventDate "2005.09.03"]
[EventType "swiss"]
[EventRounds "6"]
[EventCountry "CAN"]
[SourceTitle "CBM 108 Extra"]
[Source "ChessBase"]
[SourceDate "2005.11.04"]
[SourceVersion "1"]
[SourceVersionDate "2005.11.04"]
[SourceQuality "1"]

1. d4 c6 2. c4 d5 3. Nc3 Nf6 4. Nf3 e6 5. e3 Bd6 6. Qc2 h6 7. b3 Qe7 8. Bb2 Nbd7 9. Be2 O-O 10. O-O b6 11. Rfe1 Bb7 12. e4 dxe4 13. Nxe4 Nxe4 14. Qxe4 Nf6 15. Qh4 Bb4 16. Red1 Nh7 17. c5 Qxh4 18. Nxh4 bxc5 19. a3 Ba5 20. dxc5 Rfd8 21. b4 Bc7 22. a4 Rxd1+ 23. Rxd1 Rd8 24. b5 Rxd1+ 25. Bxd1 cxb5 26. axb5 Ng5 27. Bd4 e5 28. Be3 Ne4 29. b6 axb6 30. cxb6 Bb8 31. Ba4 Bc8 32. Bb3 Nd6 33. Bc5 Nb7 34. Bb4 Nd8 35. Bd5 Be6 36. Be4 f6 37. Ng6 Bc4 38. Nf8 Bb5 39. Bd5+ Kh8 40. Be7 Bc6 41. Bxd8 Bxd5 42. Bc7 Bxc7 43. bxc7 Bb7 44. Nd7 Kg8 45. Nb6 Kf7 46. c8=Q Bxc8 47. Nxc8 Ke6 48. Nb6 g6 49. Nc4 f5 50. f3 e4 51. fxe4 fxe4 1-0

[Event "Abe Yanofsky mem."]
[Site "Winnipeg CAN"]
[Date "2005.09.05"]
[Round "5"]
[White "Hinds, Ronald"]
[Black "Zaczek, Jonathon"]
[Result "1/2-1/2"]
[WhiteElo "1913"]
[BlackElo "2053"]
[PlyCount "45"]
[GameId "2160767910900436"]
[EventDate "2005.09.03"]
[EventType "swiss"]
[EventRounds "6"]
[EventCountry "CAN"]
[SourceTitle "CBM 108 Extra"]
[Source "ChessBase"]
[SourceDate "2005.11.04"]
[SourceVersion "1"]
[SourceVersionDate "2005.11.04"]
[SourceQuality "1"]

1. e4 c5 2. Nf3 d6 3. d4 cxd4 4. Nxd4 Nf6 5. Nc3 a6 6. Bg5 e6 7. f4 b5 8. e5 dxe5 9. fxe5 Qc7 10. Qe2 Nfd7 11. O-O-O Bb7 12. Qg4 Qb6 13. Bd3 Nxe5 14. Qh3 Nbd7 15. Be4 Bxe4 16. Nxe4 f5 17. Nc3 Bc5 18. Nb3 O-O 19. Nxc5 Qxc5 20. Be3 Qc6 21. Rd4 Nc4 22. Rhd1 Nxe3 23. Qxe3 1/2-1/2

[Event "Abe Yanofsky mem."]
[Site "Winnipeg CAN"]
[Date "2005.09.05"]
[Round "5"]
[White "Jarmasz, Mark"]
[Black "Anderson, George"]
[Result "1-0"]
[WhiteElo "1977"]
[BlackElo "1486"]
[PlyCount "65"]
[GameId "2160767910900437"]
[EventDate "2005.09.03"]
[EventType "swiss"]
[EventRounds "6"]
[EventCountry "CAN"]
[SourceTitle "CBM 108 Extra"]
[Source "ChessBase"]
[SourceDate "2005.11.04"]
[SourceVersion "1"]
[SourceVersionDate "2005.11.04"]
[SourceQuality "1"]

1. e4 e6 2. d4 d5 3. Nc3 Bb4 4. e5 Bd7 5. Qg4 Bf8 6. Bd3 c5 7. Nf3 cxd4 8. Nxd4 Ne7 9. O-O Ng6 10. Re1 Bc5 11. Nf3 Qb6 12. Nd1 Nc6 13. Qg3 Nb4 14. a3 Nxd3 15. cxd3 h6 16. b4 Bd4 17. Nxd4 Qxd4 18. Bb2 Qf4 19. Ne3 Bb5 20. d4 Qxg3 21. hxg3 O-O 22. a4 Bd7 23. b5 Rfc8 24. Rec1 b6 25. Ba3 Rxc1+ 26. Rxc1 a6 27. Rc7 Be8 28. bxa6 Bxa4 29. a7 f6 30. exf6 gxf6 31. Ng4 Nf8 32. Nxf6+ Kh8 33. Bxf8 1-0

[Event "Abe Yanofsky mem."]
[Site "Winnipeg CAN"]
[Date "2005.09.05"]
[Round "5"]
[White "Kaptsan, Aron"]
[Black "Tang, Edward"]
[Result "1-0"]
[WhiteElo "1900"]
[BlackElo "1985"]
[PlyCount "97"]
[GameId "2160767910900438"]
[EventDate "2005.09.03"]
[EventType "swiss"]
[EventRounds "6"]
[EventCountry "CAN"]
[SourceTitle "CBM 108 Extra"]
[Source "ChessBase"]
[SourceDate "2005.11.04"]
[SourceVersion "1"]
[SourceVersionDate "2005.11.04"]
[SourceQuality "1"]

1. d4 Nf6 2. c4 g6 3. Nc3 Bg7 4. e4 d6 5. Nf3 O-O 6. Be2 e5 7. O-O Nc6 8. d5 Ne7 9. b4 Nh5 10. Re1 h6 11. a4 Nf4 12. Bf1 f5 13. Nd2 g5 14. Ba3 g4 15. Rc1 Rf6 16. c5 fxe4 17. Ndxe4 Rg6 18. g3 Nh3+ 19. Bxh3 gxh3 20. cxd6 cxd6 21. Nb5 Nf5 22. Nc7 Rb8 23. Bb2 Nh4 24. Ne6 Bxe6 25. dxe6 Ng2 26. Re2 Rxe6 27. Rd2 Rc8 28. Qg4 Rxc1+ 29. Bxc1 Qe7 30. Qxh3 Ne1 31. Qh5 Qf8 32. Rd1 Qf3 33. Qxf3 Nxf3+ 34. Kg2 Nd4 35. Bb2 d5 36. Nc5 Rb6 37. b5 a6 38. Nd7 Rd6 39. Nxe5 Bxe5 40. Bxd4 Bxd4 41. Rxd4 axb5 42. axb5 Kf7 43. Kf3 Ke6 44. Ke3 Rb6 45. Rb4 Rd6 46. Kd4 Rd7 47. Rb3 Rf7 48. f4 h5 49. Re3+ 1-0

[Event "Abe Yanofsky mem."]
[Site "Winnipeg CAN"]
[Date "2005.09.05"]
[Round "5"]
[White "Khedkar, Jay S"]
[Black "Hughey, Micah"]
[Result "0-1"]
[WhiteElo "1894"]
[BlackElo "2007"]
[PlyCount "33"]
[GameId "2160767910900439"]
[EventDate "2005.09.03"]
[EventType "swiss"]
[EventRounds "6"]
[EventCountry "CAN"]
[SourceTitle "CBM 108 Extra"]
[Source "ChessBase"]
[SourceDate "2005.11.04"]
[SourceVersion "1"]
[SourceVersionDate "2005.11.04"]
[SourceQuality "1"]

1. e4 e5 2. f4 Bc5 3. Nf3 d6 4. Nc3 Nf6 5. Bc4 Nc6 6. d3 Na5 7. Bb3 Nxb3 8. axb3 a6 9. Qe2 Qe7 10. Be3 Bxe3 11. Qxe3 Bd7 12. fxe5 Ng4 13. exd6 Nxe3 14. dxe7 Nxc2+ 15. Kd2 Nxa1 16. Rxa1 Be6 17. Nb5 0-1

[Event "Abe Yanofsky mem."]
[Site "Winnipeg CAN"]
[Date "2005.09.05"]
[Round "5"]
[White "Klassen, Paul"]
[Black "Melamedoff, Gustavo"]
[Result "0-1"]
[WhiteElo "1461"]
[BlackElo "2024"]
[PlyCount "42"]
[GameId "2160767910900440"]
[EventDate "2005.09.03"]
[EventType "swiss"]
[EventRounds "6"]
[EventCountry "CAN"]
[SourceTitle "CBM 108 Extra"]
[Source "ChessBase"]
[SourceDate "2005.11.04"]
[SourceVersion "1"]
[SourceVersionDate "2005.11.04"]
[SourceQuality "1"]

1. d4 d5 2. e3 c5 3. c3 cxd4 4. exd4 Nc6 5. Bd3 Nf6 6. Nf3 Bg4 7. O-O e6 8. Bg5 Be7 9. Nbd2 Bh5 10. Qc2 Bg6 11. h3 O-O 12. Rae1 Rc8 13. Nh4 Nb4 14. cxb4 Rxc2 15. Nxg6 hxg6 16. Bxc2 Bxb4 17. Re2 Bxd2 18. Rxd2 Qa5 19. a3 Ne4 20. Bxe4 dxe4 21. Re2 Qxg5 0-1

[Event "Abe Yanofsky mem."]
[Site "Winnipeg CAN"]
[Date "2005.09.05"]
[Round "5"]
[White "Lipnowski, Samuel"]
[Black "Haessel, Dale"]
[Result "1/2-1/2"]
[WhiteElo "2126"]
[BlackElo "2254"]
[PlyCount "133"]
[GameId "2160767910900442"]
[EventDate "2005.09.03"]
[EventType "swiss"]
[EventRounds "6"]
[EventCountry "CAN"]
[SourceTitle "CBM 108 Extra"]
[Source "ChessBase"]
[SourceDate "2005.11.04"]
[SourceVersion "1"]
[SourceVersionDate "2005.11.04"]
[SourceQuality "1"]

1. d4 Nf6 2. c4 g6 3. Nc3 d5 4. Nf3 Bg7 5. Bg5 O-O 6. Bxf6 Bxf6 7. Nxd5 Bg7 8. e3 c5 9. Nc3 Bg4 10. Be2 Qb6 11. O-O cxd4 12. Na4 Qc7 13. Nxd4 Bxe2 14. Qxe2 Nc6 15. Nxc6 Qxc6 16. Nc3 Bxc3 17. bxc3 Rac8 18. Rad1 Rc7 19. h3 Rfc8 20. Rd4 e5 21. Rd5 Qe6 22. Rfd1 Rxc4 23. Qb2 b6 24. Qa3 R4c5 25. Rd6 Qc4 26. Qxa7 Ra5 27. Qe7 Qc5 28. Qf6 Rf8 29. Rd8 Ra8 30. Rxa8 Rxa8 31. Rd7 Rf8 32. Rd1 b5 33. Qa6 Qxc3 34. Qxb5 Ra8 35. Qb3 Qa5 36. Qd5 Qxd5 37. Rxd5 Rxa2 38. Rxe5 h5 39. g4 hxg4 40. hxg4 Kg7 41. g5 Kf8 42. Kg2 Rb2 43. Kg3 Ra2 44. e4 Rb2 45. f3 Rb3 46. Kg4 Rb1 47. Rd5 Kg7 48. Rd7 Rb4 49. Kf4 Rb3 50. Rc7 Ra3 51. Kg4 Ra4 52. Re7 Ra1 53. f4 Kf8 54. Rb7 Rg1+ 55. Kf3 Rf1+ 56. Ke3 Kg7 57. Rb5 Kf8 58. f5 gxf5 59. exf5 Kg7 60. Ke4 Re1+ 61. Kf4 Rf1+ 62. Ke5 Rg1 63. f6+ Kg6 64. Kd6 Rxg5 65. Rxg5+ Kxg5 66. Ke5 Kg6 67. Ke4 1/2-1/2

[Event "Abe Yanofsky mem."]
[Site "Winnipeg CAN"]
[Date "2005.09.05"]
[Round "5"]
[White "Mu, Yuchen"]
[Black "Van Wyk, Joseph"]
[Result "1-0"]
[WhiteElo "1990"]
[BlackElo "1885"]
[PlyCount "53"]
[GameId "2160767910900444"]
[EventDate "2005.09.03"]
[EventType "swiss"]
[EventRounds "6"]
[EventCountry "CAN"]
[SourceTitle "CBM 108 Extra"]
[Source "ChessBase"]
[SourceDate "2005.11.04"]
[SourceVersion "1"]
[SourceVersionDate "2005.11.04"]
[SourceQuality "1"]

1. e4 e5 2. f4 d6 3. Nf3 Nc6 4. Nc3 Nf6 5. Bb5 Bd7 6. O-O exf4 7. d3 Nh5 8. Nd5 g5 9. Nxg5 Qxg5 10. Bxc6 Rg8 11. Bxd7+ Kxd7 12. Qf3 Bh6 13. Nxf4 Nxf4 14. Bxf4 Qxf4 15. Qxf4 Bxf4 16. Rxf4 Rg7 17. Raf1 Ke7 18. Kf2 Rag8 19. Ke3 Rxg2 20. Rxf7+ Kd8 21. Rxh7 Rxc2 22. Rff7 Re8 23. d4 a5 24. h4 a4 25. h5 Rxb2 26. Rxc7 Rxa2 27. Rhd7# 1-0

[Event "Abe Yanofsky mem."]
[Site "Winnipeg CAN"]
[Date "2005.09.05"]
[Round "5"]
[White "Nikouline, Alexandre"]
[Black "Rekhson, Vladislav"]
[Result "0-1"]
[WhiteElo "1922"]
[BlackElo "2120"]
[PlyCount "120"]
[GameId "2160767910900445"]
[EventDate "2005.09.03"]
[EventType "swiss"]
[EventRounds "6"]
[EventCountry "CAN"]
[SourceTitle "CBM 108 Extra"]
[Source "ChessBase"]
[SourceDate "2005.11.04"]
[SourceVersion "1"]
[SourceVersionDate "2005.11.04"]
[SourceQuality "1"]

1. e4 c5 2. Nf3 a6 3. d4 cxd4 4. Nxd4 Nf6 5. Nc3 e5 6. Nf3 Bb4 7. Bc4 Qc7 8. Qd3 b5 9. Bb3 Bb7 10. Bd2 O-O 11. O-O-O d6 12. Nd5 Nxd5 13. exd5 Bxd2+ 14. Rxd2 Nd7 15. Ng5 Nf6 16. h4 b4 17. Rh3 Rfe8 18. h5 e4 19. Qd4 h6 20. f4 Qc5 21. Qxc5 dxc5 22. Rh4 hxg5 23. fxg5 e3 24. Re2 Nxd5 25. g6 Re6 26. gxf7+ Kf8 27. g4 Rf6 28. c4 Nf4 29. Rxe3 Ng2 30. Re8+ Rxe8 31. fxe8=Q+ Kxe8 32. Rh1 Ne3 33. Re1 Rf1 34. Rxf1 Nxf1 35. g5 Be4 36. h6 Kf7 37. hxg7 Kxg7 38. a3 a5 39. Bd1 Kg6 40. Bc2 Bxc2 41. Kxc2 Kxg5 42. Kb3 Kf4 43. Ka4 Ke4 44. Kxa5 bxa3 45. bxa3 Kd4 46. Kb6 Nd2 47. a4 Nxc4+ 48. Kb5 Na5 49. Kxa5 c4 50. Kb6 c3 51. a5 c2 52. a6 c1=Q 53. Kb7 Qh1+ 54. Kb8 Qh8+ 55. Kb7 Qg7+ 56. Kb8 Qf8+ 57. Kb7 Qe7+ 58. Kb8 Qd8+ 59. Kb7 Qd7+ 60. Kb8 Qb5+ 0-1

[Event "Abe Yanofsky mem."]
[Site "Winnipeg CAN"]
[Date "2005.09.05"]
[Round "5"]
[White "Pierre, Rolland"]
[Black "Enns, Edward"]
[Result "1-0"]
[WhiteElo "1537"]
[BlackElo "1235"]
[PlyCount "73"]
[GameId "2160767910900446"]
[EventDate "2005.09.03"]
[EventType "swiss"]
[EventRounds "6"]
[EventCountry "CAN"]
[SourceTitle "CBM 108 Extra"]
[Source "ChessBase"]
[SourceDate "2005.11.04"]
[SourceVersion "1"]
[SourceVersionDate "2005.11.04"]
[SourceQuality "1"]

1. e4 c5 2. Nf3 d6 3. d4 cxd4 4. Nxd4 Nf6 5. Nc3 a6 6. h3 e5 7. Nb3 Be6 8. Be2 g6 9. Bg5 Nbd7 10. O-O Qc7 11. Nd2 Bg7 12. Rc1 O-O 13. a3 b5 14. b3 Qxc3 15. Nb1 Qc6 16. Bf3 Rad8 17. Nd2 h6 18. Be3 Nc5 19. c4 Nfxe4 20. cxb5 Qd7 21. Bxc5 dxc5 22. Bxe4 Bd5 23. Qe2 f5 24. Bxd5+ Qxd5 25. Rfd1 axb5 26. Qxb5 Qa8 27. Nc4 Rxd1+ 28. Rxd1 Rb8 29. Qxc5 Bf8 30. Qxe5 Rxb3 31. Qe6+ Kh7 32. Rd7+ Bg7 33. Ne5 Rb1+ 34. Kh2 Qg8 35. Qxg6+ Kh8 36. Nf7+ Qxf7 37. Rxf7 1-0

[Event "Abe Yanofsky mem."]
[Site "Winnipeg CAN"]
[Date "2005.09.05"]
[Round "5"]
[White "Plocek, Jaroslav"]
[Black "Wasney, Mark"]
[Result "0-1"]
[WhiteElo "1532"]
[BlackElo "1681"]
[PlyCount "73"]
[GameId "2160767910900447"]
[EventDate "2005.09.03"]
[EventType "swiss"]
[EventRounds "6"]
[EventCountry "CAN"]
[SourceTitle "CBM 108 Extra"]
[Source "ChessBase"]
[SourceDate "2005.11.04"]
[SourceVersion "1"]
[SourceVersionDate "2005.11.04"]
[SourceQuality "1"]

1. e4 c5 2. Nf3 d6 3. d4 cxd4 4. Nxd4 Nf6 5. Nc3 a6 6. Be2 e6 7. O-O Be7 8. Re1 O-O 9. b3 b5 10. Bf3 Ra7 11. Bb2 Bb7 12. Qd3 Nbd7 13. Qe3 Qc7 14. Nxe6 fxe6 15. Qxa7 Nc5 16. e5 Ra8 17. Qxa8+ Bxa8 18. Bxa8 dxe5 19. Bf3 Ncd7 20. Re2 Bb4 21. Ne4 Nd5 22. Ng5 Nf4 23. Re4 h6 24. Nh3 Nxh3+ 25. gxh3 Qxc2 26. Re2 Qf5 27. Bg4 Qd3 28. Bxe6+ Kh7 29. Bg4 Ba5 30. Re3 Qd6 31. Rd1 Qg6 32. Rg3 Nc5 33. Bf3 Qf5 34. Kh1 Nd3 35. Rdg1 Nxf2+ 36. Kg2 Qc2 37. Be4+ 0-1

[Event "Abe Yanofsky mem."]
[Site "Winnipeg CAN"]
[Date "2005.09.05"]
[Round "5"]
[White "Remillard, John"]
[Black "Lauritson, Jim"]
[Result "0-1"]
[WhiteElo "1587"]
[BlackElo "1936"]
[PlyCount "56"]
[GameId "2160767910900448"]
[EventDate "2005.09.03"]
[EventType "swiss"]
[EventRounds "6"]
[EventCountry "CAN"]
[SourceTitle "CBM 108 Extra"]
[Source "ChessBase"]
[SourceDate "2005.11.04"]
[SourceVersion "1"]
[SourceVersionDate "2005.11.04"]
[SourceQuality "1"]

1. c4 Nf6 2. Nc3 e6 3. a3 d5 4. d4 c6 5. Bg5 dxc4 6. e4 b5 7. e5 h6 8. Bh4 g5 9. Bg3 Nd5 10. Nge2 Bb7 11. Ne4 Nd7 12. N2c3 N7b6 13. h4 gxh4 14. Bxh4 Qc7 15. Qg4 Nd7 16. Nxd5 cxd5 17. Nf6+ Nxf6 18. Bxf6 h5 19. Rxh5 Rxh5 20. Qxh5 Qa5+ 21. Kd1 Qa4+ 22. Kc1 c3 23. bxc3 Qb3 24. Kd2 Qb2+ 25. Ke3 Rc8 26. Rd1 Rxc3+ 27. Kf4 Qxf2+ 28. Kg4 Qg3# 0-1

[Event "Abe Yanofsky mem."]
[Site "Winnipeg CAN"]
[Date "2005.09.05"]
[Round "5"]
[White "Schulz, Waldemar"]
[Black "Cleto, Sam"]
[Result "1-0"]
[WhiteElo "2057"]
[BlackElo "1778"]
[PlyCount "62"]
[GameId "2160767910900450"]
[EventDate "2005.09.03"]
[EventType "swiss"]
[EventRounds "6"]
[EventCountry "CAN"]
[SourceTitle "CBM 108 Extra"]
[Source "ChessBase"]
[SourceDate "2005.11.04"]
[SourceVersion "1"]
[SourceVersionDate "2005.11.04"]
[SourceQuality "1"]

1. d4 Nf6 2. c4 g6 3. g3 Bg7 4. Bg2 O-O 5. Nc3 c6 6. Nf3 d5 7. O-O dxc4 8. a4 Bf5 9. Ne5 Ng4 10. e4 Nxe5 11. dxe5 Be6 12. f4 Qb6+ 13. Kh1 Rd8 14. Qe2 Na6 15. Be3 Qa5 16. g4 Rd3 17. f5 gxf5 18. gxf5 Bd7 19. f6 exf6 20. exf6 Bf8 21. Rg1 Kh8 22. Bf1 Rxe3 23. Qxe3 Qe5 24. Bxc4 Bd6 25. Qg3 Qxf6 26. Qg5 Qxg5 27. Rxg5 f6 28. Rgg1 Be5 29. Rad1 Nc5 30. b4 Bxc3 31. bxc5 f5 1-0

[Event "Abe Yanofsky mem."]
[Site "Winnipeg CAN"]
[Date "2005.09.05"]
[Round "5"]
[White "Trinidad, Kris"]
[Black "Corsmeier, Tom"]
[Result "1-0"]
[WhiteElo "1378"]
[BlackElo "1586"]
[PlyCount "53"]
[GameId "2160767910900451"]
[EventDate "2005.09.03"]
[EventType "swiss"]
[EventRounds "6"]
[EventCountry "CAN"]
[SourceTitle "CBM 108 Extra"]
[Source "ChessBase"]
[SourceDate "2005.11.04"]
[SourceVersion "1"]
[SourceVersionDate "2005.11.04"]
[SourceQuality "1"]

1. e4 e6 2. d4 d5 3. Bd3 Bb4+ 4. c3 Be7 5. Ne2 c5 6. O-O c4 7. Bc2 Nc6 8. Bf4 b5 9. a3 Bg5 10. exd5 exd5 11. Re1 Bf6 12. Ng3+ Nge7 13. Nh5 Be6 14. Nxf6+ gxf6 15. Qh5 Kd7 16. Nd2 Ng6 17. Bg3 a5 18. f4 Nce7 19. f5 Nxf5 20. Bxf5 Bxf5 21. Qxf5+ Kc6 22. Re3 b4 23. axb4 Kb5 24. Ne4 Re8 25. Nd6+ Qxd6 26. Bxd6 Rxe3 27. Qxd5+ 1-0

[Event "Abe Yanofsky mem."]
[Site "Winnipeg CAN"]
[Date "2005.09.05"]
[Round "5"]
[White "Vincent, Trevor"]
[Black "Einarsson, Ken"]
[Result "1-0"]
[WhiteElo "2034"]
[BlackElo "1587"]
[PlyCount "37"]
[GameId "2160767910900452"]
[EventDate "2005.09.03"]
[EventType "swiss"]
[EventRounds "6"]
[EventCountry "CAN"]
[SourceTitle "CBM 108 Extra"]
[Source "ChessBase"]
[SourceDate "2005.11.04"]
[SourceVersion "1"]
[SourceVersionDate "2005.11.04"]
[SourceQuality "1"]

1. c4 e5 2. g3 Nf6 3. Bg2 Nc6 4. Nc3 Bc5 5. a3 a6 6. e3 O-O 7. Nge2 Re8 8. d3 d6 9. O-O Be6 10. d4 exd4 11. exd4 Nxd4 12. Nxd4 Bxc4 13. Nde2 c6 14. b3 Be6 15. Nf4 Bg4 16. Qc2 d5 17. Ncxd5 Bxf2+ 18. Qxf2 cxd5 19. Nxd5 1-0

[Event "Abe Yanofsky mem."]
[Site "Winnipeg CAN"]
[Date "2005.09.05"]
[Round "5"]
[White "Wangen, Michael"]
[Black "Thompson, David Seip"]
[Result "1-0"]
[WhiteElo "1928"]
[BlackElo "1367"]
[PlyCount "81"]
[GameId "2160767910900453"]
[EventDate "2005.09.03"]
[EventType "swiss"]
[EventRounds "6"]
[EventCountry "CAN"]
[SourceTitle "CBM 108 Extra"]
[Source "ChessBase"]
[SourceDate "2005.11.04"]
[SourceVersion "1"]
[SourceVersionDate "2005.11.04"]
[SourceQuality "1"]

1. c4 g6 2. Nc3 Bg7 3. g3 Nf6 4. Bg2 c6 5. d4 d5 6. Nf3 Be6 7. Ng5 Bg4 8. h3 Bf5 9. g4 Be6 10. Nxe6 fxe6 11. f4 dxc4 12. e3 Nd5 13. Ne4 Nd7 14. Ng5 Qa5+ 15. Bd2 c3 16. bxc3 Nxe3 17. Bxe3 Qxc3+ 18. Kf2 O-O 19. Nxe6 Rf6 20. Nxg7 Kxg7 21. Qb3 Qa5 22. Kg3 Nb6 23. Rac1 Raf8 24. Rc5 Qa4 25. Qxa4 Nxa4 26. Ra5 Nc3 27. d5 Ne2+ 28. Kh2 Nxf4 29. Bd4 Nxg2 30. Kxg2 Ra8 31. g5 b6 32. gxf6+ exf6 33. Bxb6 Rb8 34. Rxa7+ Kh6 35. Be3+ g5 36. Rf1 Kg6 37. dxc6 Rc8 38. Bd4 Kh5 39. Rxf6 g4 40. Rxh7+ Kg5 41. h4# 1-0

[Event "Abe Yanofsky mem."]
[Site "Winnipeg CAN"]
[Date "2005.09.05"]
[Round "5"]
[White "Wasserman, Arie"]
[Black "Geley, Shawn"]
[Result "1/2-1/2"]
[WhiteElo "1592"]
[BlackElo "1540"]
[PlyCount "69"]
[GameId "2160767910900454"]
[EventDate "2005.09.03"]
[EventType "swiss"]
[EventRounds "6"]
[EventCountry "CAN"]
[SourceTitle "CBM 108 Extra"]
[Source "ChessBase"]
[SourceDate "2005.11.04"]
[SourceVersion "1"]
[SourceVersionDate "2005.11.04"]
[SourceQuality "1"]

1. e4 e5 2. Nf3 Nc6 3. Nc3 Bc5 4. Bb5 a6 5. Bxc6 dxc6 6. O-O Bg4 7. d3 Qd6 8. Re1 O-O-O 9. Be3 Nf6 10. Bxc5 Qxc5 11. Re3 Rhe8 12. Qd2 h6 13. Na4 Qd6 14. b3 c5 15. Qc3 Nd7 16. Nb2 f6 17. a4 Qc6 18. Nc4 Nf8 19. Na5 Qb6 20. Nd2 Be6 21. Rb1 Qb4 22. Qxb4 cxb4 23. Nac4 g5 24. Rf3 Nh7 25. h3 h5 26. Ne3 g4 27. hxg4 hxg4 28. Rg3 Rg8 29. f3 gxf3 30. Rxf3 Rg6 31. Rbf1 c6 32. Nf5 Bxf5 33. Rxf5 Rh8 34. R1f2 Rg5 35. Nc4 1/2-1/2